000 00453nam a2200145Ia 4500
008 100122s9999 xx 000 0 und d
082 _b31701
_a741.092
100 _aलचके हरिचंद्र
245 _aहसा आणि हसवा
260 _bलचके आर्ट स्टुडिओ
_c1981
300 _a160
630 _aहसा आणि हसवा
730 _aहसा आणि हसवा
942 _cBOOK
999 _c416225
_d416222